Hugo Besugo y el misterio del club de la luna /

Guardado en:
Autor Principal: Besugo, Hugo.
Otros Autores: Calvi, Fernando; il.
Formato: Libro
Idioma:Undetermined
Publicado: Bogotá : Norma, 2012.
Series:Colección Torre de Papel
Materias:
Etiquetas: Agregar Etiqueta
Sin Etiquetas, Sea el primero en etiquetar este registro!
LEADER 00657nam a22002055a 4500
001 CEM.cems019817
008 221026s2012####xx############000#0#und#d
005 20221027090733.0
245 1 0 |a Hugo Besugo y el misterio del club de la luna /  |c Nicolàs Schuff; ilustrador Fernando Calvi. 
260 |a Bogotá :  |b Norma,  |c 2012. 
300 |a 80 p. ;  |c 11 cm. 
490 1 |a Colección Torre de Papel 
020 |a 9789875453043 
100 1 |a Besugo, Hugo. 
700 1 |a Calvi, Fernando; il. 
082 0 4 |a A863.4 
653 |a Literatura Infantil 
653 |a Literatura Juvenil 
653 |a Novela 
859 |a CEMS  |b BIB. CEMS - Inicial y Primaria  |h A863.4  |i Sch79  |k IP  |p 5027  |t Ej.1